Personnalités dont le nom commence par la lettre E (par images) - Statistiques

Statistiques générales
  • Ce quiz a été pris 647 fois
  • Le résultat moyen est 8 sur 16
Statistiques - réponses
Par images Réponse % Correct
Gad Elmaleh
93%
Philippe Etchebest
93%
Eminem
86%
Fabrice Eboué
75%
Virginie Efira
73%
Adèle Exarchopoulos
72%
Clint Eastwood
56%
Chris Evans
52%
Idris Elba
50%
Samuel Eto'o
50%
Joël Embiid
27%
Christian Estrosi
26%
Jean-Pierre Elkabbach
26%
Ruth Elkrief
22%
Vincent Elbaz
21%
Jesse Eisenberg
20%
Aucun quiz correspondant
Distribution des résultats
% des personnes avec chaque résultat
Percentile par nombre de réponses
Votre historique - résultats
Vous n’avez pas pris ce quiz